Faculty of Law Library — Cairo University

Official Online Catalog

International Civil and Commercial Law : (Record no. 62641)

MARC details
000 -LEADER
fixed length control field 01026nam a22003137i 4500
003 - CONTROL NUMBER IDENTIFIER
control field EG-GICUC
005 - DATE AND TIME OF LATEST TRANSACTION
control field 20260211153116.0
008 - FIXED-LENGTH DATA ELEMENTS--GENERAL INFORMATION
fixed length control field 260211s1905 us ||||fr|||| 000 0 eng d
040 ## - CATALOGING SOURCE
Original cataloging agency EG-GiCUC
Language of cataloging eng
Transcribing agency EG-GiCUC
Modifying agency EG-GiCUC
Description conventions Rda
082 04 - DEWEY DECIMAL CLASSIFICATION NUMBER
Edition number 21
Classification number 341.78
Item number ME . I
092 04 - LOCALLY ASSIGNED DEWEY CALL NUMBER (OCLC)
Edition number 21
099 ## - LOCAL FREE-TEXT CALL NUMBER (OCLC)
Classification number Law1 11 341.78 ME . I 1905
100 1# - MAIN ENTRY--PERSONAL NAME
Personal name Meili, F
Relator term Author.
245 10 - TITLE STATEMENT
Title International Civil and Commercial Law :
Remainder of title As Founded Upon Theory, Legislation, and Practice /
Statement of responsibility, etc. F. Meili ; Arthur K. Kuhn.
Number of part/section of a work
264 #1 - PRODUCTION, PUBLICATION, DISTRIBUTION, MANUFACTURE, AND COPYRIGHT NOTICE
Place of production, publication, distribution, manufacture New York :
Name of producer, publisher, distributor, manufacturer The Macmillan Company,
Date of production, publication, distribution, manufacture, or copyright notice 1905.
300 ## - PHYSICAL DESCRIPTION
Extent 559page :
Other physical details illustration ;
Dimensions 24 cm.
336 ## - CONTENT TYPE
Source rda contenu
Content type term texte
337 ## - MEDIA TYPE
Source rda medias
Media type term Ordinateur
338 ## - CARRIER TYPE
Source transporteur rda
Carrier type term Ressource en ligne
500 ## - GENERAL NOTE
General note
504 ## - BIBLIOGRAPHY, ETC. NOTE
Bibliography, etc. note <br/>
546 ## - LANGUAGE NOTE
Language note Text in English
650 14 - SUBJECT ADDED ENTRY--TOPICAL TERM
Topical term or geographic name entry element Public international law
Source of heading or term
651 1# - SUBJECT ADDED ENTRY--GEOGRAPHIC NAME
Source of heading or term
700 1# - ADDED ENTRY--PERSONAL NAME
Personal name Kuhn, Arthur K
Relator term Translator.
856 40 - ELECTRONIC LOCATION AND ACCESS
Uniform Resource Identifier <a href="https://fll.law.cu.edu.eg/fulltext/bks/B11-07479.pdf">https://fll.law.cu.edu.eg/fulltext/bks/B11-07479.pdf</a>
905 ## - Cataloger and Reviser Names
Cataloger Name: Dina
942 ## - ADDED ENTRY ELEMENTS (KOHA)
Source of classification or shelving scheme Dewey Decimal Classification
Koha item type Books
Edition 21
Suppress in OPAC No
Holdings
Withdrawn status Lost status Source of classification or shelving scheme Damaged status Not for loan Collection Home library Current library Date acquired Total checkouts Full call number Barcode Date last seen Copy number Price effective from Koha item type
    Dewey Decimal Classification   Not for loan القانون الدولي العام جــــامعة القــاهرة مكتبة كلية الحقوق - المبنى الرئيسي 11.02.2026   Law1 11 341.78 ME . I 1905 1107479 C1 B11-07479 11.02.2026 1 11.02.2026 Books
    Dewey Decimal Classification     القانون الدولي العام جــــامعة القــاهرة مكتبة كلية الحقوق - المبنى الرئيسي 11.02.2026   Law1 11 341.78 ME . I 1905 1107480 C2 B11-07480 11.02.2026 2 11.02.2026 Books

© All rights reserved — Faculty of Law, Cairo University